Živí mrtví = Walking dead. Vzestup guvernéra /

Hlavní autor: Kirkman, Robert, 1978-
Další autoři: Bonansinga, Jay R.
Jazyk: Čeština
Vydáno: Praha : Baronet, 2012
Vydání: Vyd. 1.
Témata:
Fyzický popis: 342 s. ; 20 cm
Knihy
Uloženo v:
LEADER 01350nam a2200409 a 4500
001 nkc20122411112
003 CZ PrNK
005 20131105074639.0
007 ta
008 121016s2012 xr g 000 f cze
015 |a cnb002411112 
020 |a 978-80-7384-577-3  |q (váz.) 
035 |a (OCoLC)823820979 
040 |a OLA001  |b cze  |d BOA001 
041 1 |a cze  |h eng 
072 7 |a 821.111(73)-3  |x Americká próza  |2 Konspekt  |9 25 
080 |a 821.111(73)-31  |2 MRF 
080 |a (0:82-312.4)  |2 MRF 
100 1 |a Kirkman, Robert,  |d 1978-  |7 kv2010540407  |4 aut 
245 1 0 |a Živí mrtví =  |b Walking dead.  |p Vzestup guvernéra /  |c Robert Kirkman, Jay Bonansinga ; [přeložil Jan Halíř] 
246 3 0 |a Vzestup guvernéra 
246 3 1 |a Walking dead 
250 |a Vyd. 1. 
260 |a Praha :  |b Baronet,  |c 2012 
300 |a 342 s. ;  |c 20 cm 
500 |a Přeloženo z angličtiny 
655 7 |a americké romány  |7 fd131796  |2 czenas 
655 7 |a horory (romány)  |7 fd184202  |2 czenas 
655 9 |a American fiction  |2 eczenas 
655 9 |a horror novels  |2 eczenas 
700 1 |a Bonansinga, Jay R.  |7 ola2012731939  |4 aut 
765 0 |t Walking dead  |9 Česky 
910 2 |a BOA001  |b 2-1291.929,1 
990 |a BK 
995 |a 01 
991 |b 201212  |e b 
996 6 |b 2610528678  |c 2-1291.929,1  |l MZK  |r Sklad / do 1 hodiny  |n 0  |p p.v.  |w 001299024  |u 000010  |a 1  |e BOA001  |j MZK50  |s P